00262nam a2200097Ia 4500008004100000245004100041260000900082300003400091440002400125650001500149180117s9999 xx 000 0 und d aExcellence in Service Now and Beyond c2017 a22-25 pages, 2017 November 19 aPhilippine Panorama aEXCELLENCE